Administration NVQ Level.1 (Record no. 176201)
[ view plain ]
| 000 -LEADER | |
|---|---|
| fixed length control field | 00891 a2200193 4500 |
| 003 - CONTROL NUMBER IDENTIFIER | |
| control field | Nust |
| 005 - DATE AND TIME OF LATEST TRANSACTION | |
| control field | 20230522121701.0 |
| 020 ## - INTERNATIONAL STANDARD BOOK NUMBER | |
| International Standard Book Number | 0273606182 |
| 040 ## - CATALOGING SOURCE | |
| Transcribing agency | Nust |
| 082 ## - DEWEY DECIMAL CLASSIFICATION NUMBER | |
| Classification number | 004,BOU |
| 100 ## - MAIN ENTRY--PERSONAL NAME | |
| Personal name | Bourne, Lynda |
| 9 (RLIN) | 112510 |
| 245 ## - TITLE STATEMENT | |
| Title | Administration NVQ Level.1 |
| Statement of responsibility, etc. | Lynda Bourne & Pamela Scott |
| 250 ## - EDITION STATEMENT | |
| Edition statement | 2nd ed |
| 260 ## - PUBLICATION, DISTRIBUTION, ETC. | |
| Place of publication, distribution, etc. | London |
| Name of publisher, distributor, etc. | PitMan |
| Date of publication, distribution, etc. | 1995 |
| 300 ## - PHYSICAL DESCRIPTION | |
| Extent | 274 |
| 505 ## - FORMATTED CONTENTS NOTE | |
| Formatted contents note | Contribute to the Efficiency of the Work Flow (Page-1), Contribute to the Health, Safety and Security of the Workplace (Page-24), Operate and Take Care of Equipments (Page-62), Develop Effective Working Relationships (Page-83), Process Information (Page-99), Store and Retrieve Information using an Established Storage System (Page-151), Produce Text Following Instructions (Page-184), Handle Mail (Page-221), Monitor and issue Stock Items (Page-250). |
| 650 ## - SUBJECT ADDED ENTRY--TOPICAL TERM | |
| Location of event | Administration |
| 942 ## - ADDED ENTRY ELEMENTS (KOHA) | |
| Source of classification or shelving scheme | |
| Koha item type | Book Bank |
| Withdrawn status | Lost status | Source of classification or shelving scheme | Damaged status | Not for loan | Permanent Location | Current Location | Shelving location | Date acquired | Full call number | Barcode | Date last seen | Price effective from | Koha item type | Public note |
|---|---|---|---|---|---|---|---|---|---|---|---|---|---|---|
| Military College of Signals (MCS) | Military College of Signals (MCS) | General Stacks | 12/12/2016 | 004,BOU | MCS27006 | 12/08/2016 | 12/12/2016 | Book Bank | Almirah No.107, Shelf No.2 |
